000 01016nam a22002417a 4500
005 20250713164732.0
008 250713b |||||||| |||| 00| 0 eng d
020 _a978-93-95472-07-4 (hbk)
037 _cTB
040 _aCRL
_cCRL
041 _2hin
_ahin
084 _aY:351.281 152R3
_qCRL
100 _aलाठर, अनूप
_9815465
245 _aकाल और ताल :
_bदिल्ली - एनसीआर का लोक संगीत
260 _aदिल्ली, भारत:
_bकिताबवाले,
_c2023.
300 _a296पृ.
365 _b1200.00
_cINR
650 _aसमाजशास्त्र
650 _aलोकगीत
_9815466
700 _aसलूजा, एच. के.
_eलेखक
_9815467
942 _2CC
_cTB
_hY:351.281 152R3
_n0
999 _c1433612
_d1433612